Language Quiz

Random Language or Africa Quiz

Name of Côte d'Ivoire in Different Languages Quiz Stats

 Plays Quiz not verified by Sporcle

Score 0/15 Timer 03:00
0 Plays Today
% Correct
コートジボワール
92.6%
Wybrzeże Kości Słoniowej
84.7%
Elfenbeinküste
81%
Ivoorkust
75.7%
Кот д'Ивоар
73%
An Cósta Eabhair
70.4%
پىل چىشى قىرغىغى
62.4%
Elevandiluurannik
50.8%
% Correct
Elefántcsontpart
45.5%
Fílabeinsstrondin
45%
Ugu Emhlophe
34.4%
Xeebta Foolmaroodi
33.3%
Pasisir Gadhing
29.1%
Peravê Diranfîl
27.5%
Kodiwaar
22.8%

You're not logged in!

Compare scores with friends on all Sporcle quizzes.
OR
Log In

Sporcle TV

Today on Sporcle TV


Watch our educational content, quiz creation guides, and fun videos on Sporcle TV.

Show Comments

Extras

Top Quizzes Today


Score Distribution

Your Account Isn't Verified!

In order to create a playlist on Sporcle, you need to verify the email address you used during registration. Go to your Sporcle Settings to finish the process.

Report this User

Report this user for behavior that violates our Community Guidelines.

Details: